The big nine (Record no. 114012)

MARC details
000 -LEADER
fixed length control field 01292cad a22002295a 4500
001 - CONTROL NUMBER
control field L156075
008 - FIXED-LENGTH DATA ELEMENTS--GENERAL INFORMATION
fixed length control field 120430s2012 xxkad f s 000 0 eng d
035 ## - SYSTEM CONTROL NUMBER
System control number (Sirsi) u156075
041 0# - LANGUAGE CODE
Language code of text/sound track or separate title eng
110 2# - MAIN ENTRY--CORPORATE NAME
Corporate name or jurisdiction name as entry element GVA
9 (RLIN) 5945
245 04 - TITLE STATEMENT
Title The big nine
Remainder of title quarterly review of the regional office occupier markets Q1 2012
Medium [electronic resource]
260 ## - PUBLICATION, DISTRIBUTION, ETC.
Place of publication, distribution, etc. [S.l.]
Name of publisher, distributor, etc. GVA
Date of publication, distribution, etc. 2012
490 #0 - SERIES STATEMENT
Series statement GVA Big Nine Quarterly Review of the Regional Office Occupier Markets
Volume/sequential designation Q1 2012
505 2# - FORMATTED CONTENTS NOTE
Formatted contents note Summary -- City centre -- Out-of-town -- In focus: Liverpool
520 ## - SUMMARY, ETC.
Summary, etc. Prospects for the regional office market have improved considerably since the end of 2011 with average take-up being recorded in Q1 2012, traditionally the slowest quarter for activity. A large number of requirements have materialised making increased activity in Q2 and Q3 2012 more likely. Improved market sentiment is making occupiers with upcoming lease events start their search while quality stock remains.
520 ## - SUMMARY, ETC.
Summary, etc. Birmingham - Bristol - Cardiff - Edinburgh - Glasgow - Leeds - Liverpool - Manchester - Newcastle.
590 ## - LOCAL NOTE (RLIN)
Local note KA
651 #4 - SUBJECT ADDED ENTRY--GEOGRAPHIC NAME
Geographic name United Kingdom
690 ## - LOCAL SUBJECT ADDED ENTRY--TOPICAL TERM (OCLC, RLIN)
Topical term or geographic name as entry element Commercial property
9 (RLIN) 6227
856 40 - ELECTRONIC LOCATION AND ACCESS
Uniform Resource Identifier <a href="https://www.gva.co.uk/research/offices/">https://www.gva.co.uk/research/offices/</a>
Public note View the report free of charge at www.gva.co.uk
942 ## - ADDED ENTRY ELEMENTS (KOHA)
Suppress in OPAC 0
Holdings
Withdrawn status Lost status Source of classification or shelving scheme Damaged status Not for loan Home library Current library Shelving location Date acquired Total Checkouts Full call number Barcode Date last seen Copy number Price effective from Koha item type
    Dewey Decimal Classification     Virtual Virtual Online 29/04/2012   ONLINE PUBLICATION 156075-2001 06/08/2019 1 06/08/2019 Book